Work and human behavior
Guardat en:
| Autor principal: | |
|---|---|
| Format: | Llibre |
| Idioma: | Undetermined |
| Publicat: |
New York
Atherton Press
1977
|
| Matèries: | |
| Etiquetes: |
Afegir etiqueta
Sense etiquetes, Sigues el primer a etiquetar aquest registre!
|
| Thư viện lưu trữ: | Trung tâm Học liệu Trường Đại học Cần Thơ |
|---|
| LEADER | 00496nam a2200193Ia 4500 | ||
|---|---|---|---|
| 001 | CTU_77511 | ||
| 008 | 210402s9999 xx 000 0 und d | ||
| 082 | |a 158.7 | ||
| 082 | |b N383 | ||
| 100 | |a Neff, Walter S. | ||
| 245 | 0 | |a Work and human behavior | |
| 245 | 0 | |c Walter S. Neff | |
| 260 | |a New York | ||
| 260 | |b Atherton Press | ||
| 260 | |c 1977 | ||
| 650 | |a Work | ||
| 650 | |x Psychological aspects | ||
| 904 | |i Trọng Hải | ||
| 980 | |a Trung tâm Học liệu Trường Đại học Cần Thơ | ||